Understanding and using programmable controllers
Wedi'i Gadw mewn:
| Prif Awdur: | |
|---|---|
| Fformat: | Llyfr |
| Iaith: | Saesneg |
| Cyhoeddwyd: |
Englewood Cliffs
Prentice-Hall
1986
|
| Pynciau: | |
| Tagiau: |
Ychwanegu Tag
Dim Tagiau, Byddwch y cyntaf i dagio'r cofnod hwn!
|
MARC
| LEADER | 00000nam a2200000 a 4500 | ||
|---|---|---|---|
| 001 | UCU6772 | ||
| 003 | CL-VaPUC | ||
| 008 | 960621e19860000us |||||||||||||||||eng|d | ||
| 082 | 0 | 4 | |a 629.895 |b KIS |2 21 |
| 100 | 0 | |a Kissell, Thomas E |e author |9 365152 | |
| 245 | 1 | 0 | |a Understanding and using programmable controllers |
| 300 | |a 209 p | ||
| 942 | |c BK | ||
| 945 | |d 19960621 00:00:00 |a paguirre | ||
| 260 | |a Englewood Cliffs |b Prentice-Hall |c 1986 | ||
| 650 | 0 | |a Control automático |9 259890 | |
| 650 | 0 | |a Aplicaciones de computadores |9 260401 | |
| 650 | 7 | |a CONTROL DE SISTEMAS |2 CL-VaPUC |9 352951 | |
| 650 | 7 | |a CONTROL POR COMPUTADOR |2 CL-VaPUC |9 337388 | |
| 583 | |a last modification |c 20150428 10:29:16 |k Rodrigo Vera | ||
| 999 | |c 249589 |d 249587 | ||
| 952 | |0 0 |1 0 |4 0 |6 629_895000000000000_KIS_1986 |7 0 |8 A |9 266907 |a BIBING |b BIBING |d 2019-11-19 |i 1691066 |o 629.895 KIS 1986 |p 1691066 |r 2025-01-20 |w 2019-11-19 |y BK |k EIE | ||